| Tag |
First Indicator |
Second Indicator |
Subfields |
| LEADER |
00000cam a2200000I 4500 |
| 001 |
in00002124366 |
| 005 |
20151103060732.0 |
| 008 |
891109s1969 ru a 000 0 rusr |
| 010 |
|
|
|a 76421824
|
| 015 |
|
|
|a USSR69-VKP
|
| 035 |
|
|
|a (OCoLC)ocm20622318
|
| 040 |
|
|
|a DLC
|c CWR
|d CWR
|d OCLCQ
|d TXA
|d UtOrBLW
|
| 043 |
|
|
|a e-ur---
|
| 049 |
|
|
|a TXAM
|
| 090 |
|
|
|a DK276
|b .S495
|
| 100 |
1 |
|
|6 880-01
|a Sinit︠s︡yn, V. G.
|q (Vladimir Grigorʹevich)
|
| 245 |
1 |
0 |
|6 880-02
|a Sovetskiĭ obraz zhizni.
|
| 264 |
|
1 |
|6 880-03
|a Moskva :
|b "Sov. Rossii︠a︡",
|c 1969.
|
| 300 |
|
|
|a 224 pages :
|b with illustrations, 16 leaves of illustrations ;
|c 21 cm.
|
| 336 |
|
|
|a text
|b txt
|2 rdacontent
|
| 337 |
|
|
|a unmediated
|b n
|2 rdamedia
|
| 338 |
|
|
|a volume
|b nc
|2 rdacarrier
|
| 500 |
|
|
|a At head of title: V.G. Sinit︠s︡yn.
|
| 536 |
|
|
|a From the Estate of George and Mathilda Sabo by Dr. Joseph R. Corcoran & Irene Sabo Corcoran and Family. September 1998.
|
| 651 |
|
0 |
|a Soviet Union
|x Social life and customs
|y 1917-1970.
|
| 880 |
1 |
|
|6 100-01
|a Синицын, В. Г.
|q (Владимир Григорьевич)
|
| 880 |
1 |
0 |
|6 245-02
|a Советский образ жизни.
|
| 880 |
|
|
|6 264-03
|a Москва,
|b "Сов. Россия",
|c 1969.ekl
|
| 948 |
|
|
|a cataloged
|b h
|c 2006/4/7
|d c
|e tchubaryan
|f 2:25:32 pm
|
| 994 |
|
|
|a C0
|b TXA
|
| 999 |
|
|
|a MARS
|
| 999 |
f |
f |
|s 4d22e27d-7387-349a-b165-840033e9b8a8
|i 4b119223-65e4-3f8d-90b1-82bd808f6eb3
|t 0
|
| 952 |
f |
f |
|p ric
|a Texas A&M University
|b Rellis Campus
|c Joint Library Facility
|d Remote Storage
|t 0
|e DK276 .S495
|h Library of Congress classification
|i unmediated -- volume
|m A14834061166
|
| 998 |
f |
f |
|a DK276 .S495
|t 0
|l Remote Storage
|